000 00859cab a2200253 4500
001 ABS59834
008 090401t1998 xxu||||| |||| 00| 0 eng d
035 _a(Sirsi) u90164
041 _aeng
100 _aAlderson, F.
245 _aWhat a treasure
260 _c1998
350 _a0
490 _aConstruction News
_v6594 3 December 1998, 24(1)
520 _aThe Treaure Act 1996 broadens the definition of treasure resulting in the creation of a new offence of failure to notify the coroner when treasure is found. Contractors are advised to amend or include an antiquities clause in their contracts.
650 _aBUILT ENVIRONMENT-BUILDING CONTRACT FORMS
650 _aCONTRACTORS
650 _aJOINT CONTRACTS TRIBUNAL
650 _aTREASURE ACT 1996
650 _aTREASURE TROVE
690 _aLAW
942 _n0
948 _c07/12/1998
999 _c57120
_d57120